00317pam a2200121a 44500008004100000020002600041082002000067100001600087245004100103260003200144300001000176502000900186230405s2013 xxu||||| |||| 00| 0 eng d a9789350903315cRs.495 a610.730692bSON aSoni, Samta aTextbook of Advance Nursing Practice aNew DelhibJaypee Pubc2013 a656 p atext